| 000 | 00701nam a22001935i 4500 | ||
|---|---|---|---|
| 001 | 160788 | ||
| 003 | ES-MaACL | ||
| 005 | 20240203062550.0 | ||
| 008 | 041005s1863 sp |||| | spa d | ||
| 040 |
_aCAM _bspa _cCAM |
||
| 100 | 1 |
_aNovar, Francisco de Paula. _986060 |
|
| 245 | 1 | 0 |
_aPrograma del primer año de Derecho para el curso de 1863 al 1864 / _cpor Francisco de Paula Novar. |
| 260 |
_aMadrid : _b[s.n.], _c1863 ( _fImprenta de José M. Ducazcal) |
||
| 300 |
_a24 p. ; _c22 cm. |
||
| 650 | 4 |
_aDerecho- _vEnseñanza programada. _9223407 |
|
| 710 | 2 | 0 |
_aUniversidad Central (Madrid) _97084 |
| 852 |
_aES-MaACL _jFol-Laf-320 _z-- Rust. _z-- Legado M. de La Fuente |
||
| 999 |
_c160788 _d160788 |
||